Theoretical and experimental studies of compound semiconductor alloys /
محفوظ في:
| المؤلف الرئيسي: | |
|---|---|
| التنسيق: | أطروحة كتاب |
| اللغة: | English |
| منشور في: |
1997.
|
| الموضوعات: | |
| الوسوم: |
إضافة وسم
لا توجد وسوم, كن أول من يضع وسما على هذه التسجيلة!
|
| LEADER | 00814cam a2200253 a 4500 | ||
|---|---|---|---|
| 001 | u419099 | ||
| 003 | SIRSI | ||
| 008 | 971223s1997 si v 00 1 eng m | ||
| 035 | |a ACE-3303 | ||
| 040 | |a UMM | ||
| 090 | |a QC611.8 |b C64Teo | ||
| 100 | 1 | 0 | |a Teo, Kie Leong. |
| 245 | 1 | 0 | |a Theoretical and experimental studies of compound semiconductor alloys / |c by Teo Kie Leong. |
| 260 | |c 1997. | ||
| 300 | |a xi, 110 leaves : |b ill. ; |c 30 cm. | ||
| 502 | |a Thesis (Ph.D.) -- National University of Singapore, 1997. | ||
| 504 | |a Includes bibliographical references. | ||
| 650 | 0 | |a Compound semiconductors. | |
| 650 | 0 | |a Gallium alloys | |
| 650 | 0 | |a Zinc alloys. | |
| 650 | 0 | |a Manganese alloys | |
| 948 | |a 23/12/1997 |b 25/11/2000 | ||
| 596 | |a 1 | ||
| 999 | |a QC611.8 C64TEO |w LC |c 1 |i A507475487 |l STACKS |m P01UTAMA |r Y |s Y |t TESIS |u 20/4/1998 | ||
